|
|
|
|
| LEADER |
00000nab a2200000 a 4500 |
| 001 |
vtls000649489 |
| 003 |
SK-MaSNL |
| 005 |
20260303204333.0 |
| 008 |
161104c1998 xo 0 slo |
| 015 |
|
|
|a SNBRA1998/02-02990
|
| 035 |
|
|
|a CLN000001684
|
| 040 |
|
|
|a SNKBUCL
|b slo
|c SNKBUCL
|e AACR2
|
| 041 |
0 |
|
|a slo
|
| 044 |
|
|
|a xo
|c SK
|
| 080 |
|
|
|a 61-051:616.2
|2 1997
|
| 080 |
|
|
|a 616.2
|2 1997
|
| 080 |
|
|
|a 929 Štúrová-Kuklová, Božena
|2 1997
|
| 100 |
1 |
|
|a Falisová, Anna,
|d 1959-
|4 aut
|9 14891
|
| 245 |
1 |
0 |
|a Bojovníčka proti bacilom
|b Slovensko 20. storočia: Postavy a osudy - Božena Štúrová-Kuklová
|c Anna Falisová
|
| 300 |
|
|
|b Fotogr., obr.
|
| 600 |
1 |
7 |
|a Štúrová-Kuklová, Božena,
|d 1893-1977
|2 snkbucl
|9 199688
|
| 655 |
|
7 |
|a články z novín a časopisov
|2 snkbucl
|9 267496
|
| 773 |
0 |
|
|t Pravda
|g Roč. 8, č. 31 (7.2.1998)
|
| 773 |
0 |
|
|t [Príl.] Sobota
|g Č. 6 (1998), s. 14
|
| 850 |
|
|
|a Slovenská národná knižnica v Martine
|
| 852 |
|
|
|a SNK
|b KIS3GCP
|
| 958 |
|
|
|a SK
|
| 958 |
|
|
|a BX
|
| 999 |
|
|
|c 2189554
|d 2191484
|